| 000 | 01251nam a22002897a 4500 | ||
|---|---|---|---|
| 005 | 20250113150030.0 | ||
| 008 | 211206t mx bd gr|||| 00| 0 spa|d | ||
| 020 | _a9786078332731 (UAEM) | ||
| 020 | _a9786074018776 (MAP) | ||
| 050 | 0 | 4 |
_aHD9114.M6 _bM47 2014 |
| 245 | 1 | 0 |
_aMercados del azúcar e intervención estatal en el Caribe y México _b : una comparación internacional en el siglo XX _c / Luis Anaya Merchant, Oscar Zanetti, coordinadores. |
| 246 | 0 |
_aMercados del azúcar e intervención estatal en el Caribe y México _b : una comparación internacional en el siglo veinte |
|
| 250 | _a1a ed. | ||
| 260 |
_aMéxico : _bMiguel Ángel Porrúa; _bUniversidad Autónoma del Estado de Morelos, _c2014 |
||
| 300 |
_a187 p. : _bil. ; _c23 cm. |
||
| 490 | 0 | _aLas Ciencias Sociales. | |
| 490 | 0 | _aTercera Década | |
| 504 | _aIncluye bibliografía | ||
| 650 | 7 |
_2lemb _aAzúcar _xComercio _zMéxico |
|
| 650 | 7 |
_2lemb _aAzúcar _xIndustria _zMéxico |
|
| 650 | 7 |
_2lemb _aAzúcar _xComercio _zCaribe (Región) |
|
| 650 | 7 |
_2lemb _aAzúcar _xIndustria _zCaribe (Región) |
|
| 700 | 1 |
_aAnaya Merchant, Luis _ecoordinador |
|
| 700 | 1 |
_aZanetti, Oscar _ecoordinador |
|
| 710 | 1 | _4Universidad Autónoma del Estado de Morelos | |
| 942 |
_2lcc _cLIB |
||
| 999 |
_c136128 _d136128 |
||